Neural networks:a classroom approach (Record no. 10024)

MARC details
000 -LEADER
fixed length control field 00455nam a2200205Ia 4500
001 - CONTROL NUMBER
control field 095140
003 - CONTROL NUMBER IDENTIFIER
control field YMCAF
005 - DATE AND TIME OF LATEST TRANSACTION
control field 20230512161948.0
008 - FIXED-LENGTH DATA ELEMENTS--GENERAL INFORMATION
fixed length control field 100717s2008 ||||||||||||||||| ||und|d
024 ## - OTHER STANDARD IDENTIFIER
Standard number or code 95140
035 ## - SYSTEM CONTROL NUMBER
System control number 34598
040 ## - CATALOGING SOURCE
Original cataloging agency YMCAF
Language of cataloging eng
Transcribing agency IN-KoLT
041 ## - LANGUAGE CODE
Language code of text/sound track or separate title eng
082 ## - DEWEY DECIMAL CLASSIFICATION NUMBER
Classification number 006.32
Item number KUM
100 ## - MAIN ENTRY--PERSONAL NAME
Personal name Kumar, Satish
245 #0 - TITLE STATEMENT
Title Neural networks:a classroom approach
260 ## - PUBLICATION, DISTRIBUTION, ETC.
Name of publisher, distributor, etc. TMH
Date of publication, distribution, etc. 2008
300 ## - PHYSICAL DESCRIPTION
Extent 736
942 ## - ADDED ENTRY ELEMENTS (KOHA)
Source of classification or shelving scheme Dewey Decimal Classification
Koha item type Books
Holdings
Withdrawn status Lost status Damaged status Not for loan Home library Current library Date acquired Cost, normal purchase price Total Checkouts Barcode Date last seen Cost, replacement price Price effective from Koha item type Public note G Date last checked out Total Renewals
      Not For Loan JC Bose University of Science & Technology JC Bose University of Science & Technology 17/07/2010 375.00   38948 12/05/2023 375.00 12/05/2023 Books R SI4692    
        JC Bose University of Science & Technology JC Bose University of Science & Technology 17/07/2010 325.00   34598 12/05/2023 325.00 12/05/2023 Books C S1282    
        JC Bose University of Science & Technology JC Bose University of Science & Technology 17/07/2010 325.00   34599 12/05/2023 325.00 12/05/2023 Books C S1282    
        JC Bose University of Science & Technology JC Bose University of Science & Technology 17/07/2010 325.00   34600 12/05/2023 325.00 12/05/2023 Books C S1282    
        JC Bose University of Science & Technology JC Bose University of Science & Technology 17/07/2010 325.00 2 34601 12/02/2026 325.00 12/05/2023 Books C S1282 22/01/2026  
        JC Bose University of Science & Technology JC Bose University of Science & Technology 17/07/2010 325.00   34602 12/05/2023 325.00 12/05/2023 Books C S1282    
        JC Bose University of Science & Technology JC Bose University of Science & Technology 17/07/2010 310.00 2 34773 01/08/2025 310.00 12/05/2023 Books C SI457 14/07/2025 1